Gran cuaresma : sermones selectos del P. Luis Bourdaloue de la Compañía de Jesús /

Gardado en:
Detalles Bibliográficos
Autor Principal: Bourdaloue, Louis (autor)
Formato: Libro
Idioma:Lingua castelá
Edición:2a edición
Temas:
Etiquetas: Engadir etiqueta
Sen Etiquetas, Sexa o primeiro en etiquetar este rexistro!

MARC

LEADER 00000nam^a2200000^a^4500
001 000363954
005 20250526000000.0
009 20260310115603.301
037 |a Acervo Xavier Clavigero 
041 |a ESP 
082 |a 252.  |b BOU OBR GRA 
100 |a Bourdaloue, Louis  |e (autor) 
240 1 1 |a [Sermones del padre Louis Bourdaloue] 
245 1 0 |a Gran cuaresma :  |b sermones selectos del P. Luis Bourdaloue de la Compañía de Jesús /  |c L. Bourdaloue. 
250 |a 2a edición 
264 |a Madrid, España :  |b Librería de Leocadio López,  |c 1898, c1898 
300 |a VIII, 584 p. ;  |c 23.0 cm. 
336 |a texto  |b txt  |2 rdacontenido 
337 |a sin mediación  |b n  |2 rdamedio 
338 |a volumen  |b nc  |2 rdasoporte 
501 |a Encuadernación particular 
545 0 |a Louis Bourdaloue (Bourges, 1632-París, 1704), fue un jesuita reconocido como “el rey de los oradores” considerado como el modelo a seguir por los oradores del púlpito en Francia. Al ingresar a la compañía de Jesús desde los quince años, Louis llamó la atención por su férrea dedicación a la disciplina religiosa y por su inteligencia. Siendo maestro de teología moral y filosofía se le reconoció su capacidad para improvisar y su habilidad como orador fue lo que lo llevó a dedicarse de lleno a la predicación en las provincias francesas y finalmente en París donde adquirió fama junto con Jacobo Bossuet aunque con métodos muy diferentes. Sus palabras impactaban lo mismo a personajes de la nobleza que a la gente sencilla de las provincias por lo que Bourdaloue preparaba, tanto sus presentaciones, que llegaban a ser casi teatrales, como sus discursos, los cuales se editan en doce y dieciséis volúmenes desde 1707. 
561 |a Ex libris de A. Espinosa M. Chavinda 
561 |a Ex libris de Inst. Cient. de México. Biblioteca 
562 |a Falta cubierta 
649 |a XX 
650 |a Jesucristo -  |x Resurrección 
650 |a Dios -  |x Amor 
650 |a Dios -  |x Cognoscibilidad 
650 |a Jesuitas 
650 |a Religiosos Franceses 
650 |a Iglesia Católica 
650 |a Sermones Franceses -  |x Tema Principal 
650 |a Predicación 
650 |a Oratoria 
650 |a Retórica 
650 |a Muerte 
650 |a Providencia y Gobierno de Dios 
650 |a Infierno 
650 |a Avaricia y Ambición 
650 |a Juicio de Dios 
650 |a Penitencia (Sacramento) 
650 |a Culpa 
650 |a Oración (Religión) 
650 |a Misa 
650 |a Miércoles de Ceniza 
650 |a Semana Santa 
650 |a Cuaresma -  |x Tema Principal 
650 |a Tiempo de Adviento 
650 |a Año Litúrgico 
650 |a Liturgia Cristiana 
650 |a Teología Pastoral 
650 |a Catolicismo 
650 |a Cristianismo 
650 |a Religión 
910 |a Fondo General 
920 |a Impresos - Libros 
930 |a Libros Antiguos y Raros 
940 |a Jesuitas 
905 |a 108 
901 |a 0500257528  |b IT2  |c LRA  |u 20250526 
902 |a https://opac.biblio.iteso.mx/vufind/Record/000363954